| 000 | 01113nam a2200193 4500 | ||
|---|---|---|---|
| 005 | 20250731103437.0 | ||
| 008 | 250731b |||||||| |||| 00| 0 eng d | ||
| 020 |
_a9780470745755 _qpbk |
||
| 041 | _aeng | ||
| 082 |
_a005.8 _bSOL |
||
| 100 | _aSolari, Carlos Curtis | ||
| 245 |
_aSecurity In A Web 2.0+ World : A Standards Based Approach _c/Carlos Curtis Solari |
||
| 260 |
_aUnited Kindom _bJohn Wiley & Sons, Inc., _c2010 |
||
| 300 |
_axviii, 249p. _c23cm. |
||
| 504 | _aindex | ||
| 520 | _aDiscover how technology is affecting your business, and why typical security mechanisms are failing to address the issue of risk and trust. Security for a Web 2.0+ World looks at the perplexing issues of cyber security, and will be of interest to those who need to know how to make effective security policy decisions to engineers who design ICT systems - a guide to information security and standards in the Web 2.0+ era. It provides an understanding of IT security in the converged world of communications technology based on the Internet Protocol. | ||
| 650 | _aComputers Security General | ||
| 942 | _cENGLISH | ||
| 999 |
_c578149 _d578149 |
||